<?xml version="1.0" encoding="UTF-8"?><?xml-stylesheet type="text/xsl" href="static/style.xsl"?><OAI-PMH xmlns="http://www.openarchives.org/OAI/2.0/" xmlns:xsi="http://www.w3.org/2001/XMLSchema-instance" xsi:schemaLocation="http://www.openarchives.org/OAI/2.0/ http://www.openarchives.org/OAI/2.0/OAI-PMH.xsd"><responseDate>2026-04-17T05:48:07Z</responseDate><request verb="GetRecord" identifier="oai:www.recercat.cat:2072/400839" metadataPrefix="marc">https://recercat.cat/oai/request</request><GetRecord><record><header><identifier>oai:recercat.cat:2072/400839</identifier><datestamp>2024-11-30T23:08:11Z</datestamp><setSpec>com_2072_98</setSpec><setSpec>col_2072_378192</setSpec></header><metadata><record xmlns="http://www.loc.gov/MARC21/slim" xmlns:dcterms="http://purl.org/dc/terms/" xmlns:xsi="http://www.w3.org/2001/XMLSchema-instance" xmlns:doc="http://www.lyncode.com/xoai" xsi:schemaLocation="http://www.loc.gov/MARC21/slim http://www.loc.gov/standards/marcxml/schema/MARC21slim.xsd">
   <leader>00925njm 22002777a 4500</leader>
   <datafield ind2=" " ind1=" " tag="042">
      <subfield code="a">dc</subfield>
   </datafield>
   <datafield ind2=" " ind1=" " tag="720">
      <subfield code="a">Balari, Sergio</subfield>
      <subfield code="e">author</subfield>
   </datafield>
   <datafield ind2=" " ind1=" " tag="260">
      <subfield code="c">1999</subfield>
   </datafield>
   <datafield ind2=" " ind1=" " tag="520">
      <subfield code="a">En este artículo ofrecemos un marco general para el desarrollo de una teoría del lenguaje fundamentada en la idea de gramática declarativa. A fin de preservar esta propiedad de las gramáticas, especialmente en el ámbito de un modelo de procesamiento, fijamos nuestra atención en los formalismos gramaticales de unificación. Dichos formalismos nos permiten llevar a cabo nuestros propósitos dentro de un marco que conjuga la adecuación descriptiva con unas bases formales coherentes, lo cual facilita la identificación de potenciales problemas y posibles vías de solución para ellos.</subfield>
   </datafield>
   <datafield ind2=" " ind1=" " tag="520">
      <subfield code="a">In this paper we present a general framework for the development of a theory of language based on the idea of a declarative grammar. Assuming that declarativity is a good property for grammars, especially when thinking of processing models, we focus our attention to unification-based grammar formalisms. These formalisms give us the opportunity to establish a framework that combines descriptive adequacy and formal soundness, which makes easier to identify potential problems and possible solutions to them.</subfield>
   </datafield>
   <datafield tag="653" ind2=" " ind1=" ">
      <subfield code="a">Gramáticas declarativas</subfield>
   </datafield>
   <datafield tag="653" ind2=" " ind1=" ">
      <subfield code="a">Formalismos de unificación</subfield>
   </datafield>
   <datafield tag="653" ind2=" " ind1=" ">
      <subfield code="a">Procesamiento del lenguaje natural</subfield>
   </datafield>
   <datafield tag="653" ind2=" " ind1=" ">
      <subfield code="a">Declarative grammars</subfield>
   </datafield>
   <datafield tag="653" ind2=" " ind1=" ">
      <subfield code="a">Unification-based formalisms</subfield>
   </datafield>
   <datafield tag="653" ind2=" " ind1=" ">
      <subfield code="a">Natural language processing</subfield>
   </datafield>
   <datafield ind2="0" ind1="0" tag="245">
      <subfield code="a">Formalismos gramaticales de unificación y procesamiento basado en restricciones</subfield>
   </datafield>
</record></metadata></record></GetRecord></OAI-PMH>